[Event "SLO-chT1 West"]
[Site "Slovenia"]
[Date "2022.10.22"]
[Round "8.3"]
[White "Kosmac, Blaz"]
[Black "Zupan, Gorazd"]
[Result "1/2-1/2"]
[WhiteElo "2160"]
[BlackElo "1829"]
[PlyCount "97"]
[EventDate "2022.10.07"]
[EventType "team-tourn"]
[EventRounds "9"]
[EventCountry "SLO"]
[SourceTitle "EXT 2024"]
[Source "ChessBase"]
[SourceDate "2023.10.10"]
[SourceVersion "1"]
[SourceVersionDate "2023.10.10"]
[SourceQuality "1"]
[WhiteTeam "Kranj Tomo Zupan"]
[BlackTeam "Kranj Stari Mayr"]
[WhiteTeamCountry "SLO"]
[BlackTeamCountry "SLO"]

1. e4 e5 2. Nf3 Nc6 3. Bc4 Bc5 4. c3 Nf6 5. d3 d6 6. Nbd2 a6 7. a4 h6 8. h3 Ba7 9. 0-0 0-0 10. Re1 Ne7 11. Nf1 Ng6 12. Ng3 c6 13. d4 Re8 14. Bb3 Qc7 15. Be3 Be6 16. Bxe6 Rxe6 17. dxe5 dxe5 18. Bxa7 Rxa7 19. Qb3 Ra8 20. Rad1 Ree8 21. Rd2 Red8 22. Red1 b5 23. Kh2 Rxd2 24. Rxd2 Rd8 25. Rxd8+ Qxd8 26. axb5 axb5 27. Qc2 Qd6 28. Nf5 Qd7 29. g3 Kh7 30. Kg2 Qe6 31. Qd3 Qb3 32. Qe2 Qa4 33. b4 Qb3 34. Qd3 Qe6 35. Nd2 Nf8 36. Qd6 Qxd6 37. Nxd6 Kg6 38. f4 exf4 39. gxf4 N6d7 40. Kf3 Kf6 41. Ne8+ Kg6 42. Ke3 f6 43. Nd6 Kh5 44. Nf3 g5 45. fxg5 hxg5 46. Nf5 Ne6 47. N3d4 Nd8 48. Ne2 Kg6 49. Ned4 1/2-1/2

[Event "SLO-chT 29th"]
[Site "Slovenia"]
[Date "2019.12.22"]
[Round "9.2"]
[White "Kosmac, Blaz"]
[Black "Suta, Andraz"]
[Result "0-1"]
[WhiteElo "2241"]
[BlackElo "2278"]
[PlyCount "78"]
[EventDate "2019.09.06"]
[EventType "team-tourn"]
[EventRounds "9"]
[EventCountry "SLO"]
[SourceTitle "CBM 195 Extra"]
[Source "ChessBase"]
[SourceDate "2020.05.31"]
[SourceVersion "1"]
[SourceVersionDate "2020.05.31"]
[SourceQuality "1"]
[WhiteTeam "Prevodi Dvojka"]
[BlackTeam "Ptuj"]
[WhiteTeamCountry "SLO"]
[BlackTeamCountry "SLO"]

1. e4 e5 2. Nf3 Nc6 3. Bb5 Nf6 4. d3 Bc5 5. Bxc6 dxc6 6. h3 Qe7 7. Nbd2 Be6 8. Qe2 Nd7 9. Nb3 a5 10. Nxc5 Qxc5 11. Ng5 Qe7 12. Nxe6 Qxe6 13. Qg4 Qg6 14. Qxg6 hxg6 15. f4 exf4 16. Bxf4 0-0-0 17. 0-0-0 Nc5 18. Rdf1 Rd7 19. b3 Ne6 20. Bd2 b6 21. Rf2 Kd8 22. g4 c5 23. h4 Ke8 24. Rh3 Rh7 25. Rfh2 Ke7 26. Be3 Rh8 27. Bf2 a4 28. Bg3 axb3 29. axb3 Ra8 30. h5 gxh5 31. Rxh5 Ra1+ 32. Kd2 Rg1 33. R2h3 Rg2+ 34. Kd1 Nd4 35. Re5+ Kd6 36. Rg5+ Kc6 37. Rxg7 Nxc2 38. Bf4 Nb4 39. Ke1 Nxd3+ 0-1

[Event "SLO-chT 29th"]
[Site "Slovenia"]
[Date "2019.09.07"]
[Round "2.1"]
[White "Kosmac, Blaz"]
[Black "Mohr, Georg"]
[Result "0-1"]
[WhiteElo "2241"]
[BlackElo "2445"]
[PlyCount "96"]
[EventDate "2019.09.06"]
[EventType "team-tourn"]
[EventRounds "9"]
[EventCountry "SLO"]
[SourceTitle "CBM 192 Extra"]
[Source "Chessbase"]
[SourceDate "2019.11.06"]
[SourceVersion "1"]
[SourceVersionDate "2019.11.06"]
[SourceQuality "1"]
[WhiteTeam "Prevodi Dvojka"]
[BlackTeam "Maribor"]
[WhiteTeamCountry "SLO"]
[BlackTeamCountry "SLO"]

1. e4 c5 2. Nf3 Nc6 3. d4 cxd4 4. Nxd4 Nf6 5. Nc3 d6 6. Be2 e5 7. Nb3 Be7 8. 0-0 0-0 9. f4 a5 10. a4 Nb4 11. Bf3 Be6 12. Kh1 Qb6 13. f5 Bc4 14. Be2 Qc6 15. Bg5 h6 16. Bxf6 Bxf6 17. Bxc4 Qxc4 18. Rf2 Rfd8 19. Qf1 Qxf1+ 20. Raxf1 d5 21. exd5 Nxd5 22. Ne4 Ne3 23. Rb1 Be7 24. c3 Nc4 25. g3 Rd5 26. Re2 Rad8 27. Kg2 f6 28. Ra1 Kf7 29. Ra2 g6 30. fxg6+ Kxg6 31. g4 h5 32. Ng3 hxg4 33. Re4 Nd6 34. Rxg4+ Kf7 35. Rh4 Kg6 36. Rg4+ Kf7 37. Rh4 Rg8 38. c4 Rd3 39. Rh7+ Kf8 40. Nxa5 Ne4 41. b3 Nxg3 42. hxg3 Rdxg3+ 43. Kh2 e4 44. c5 Bxc5 45. Nxb7 Bg1+ 46. Kh1 Bd4 47. Rh5 Rxb3 48. Nd8 Be5 0-1

[Event "Portoroz op 13th"]
[Site "Portoroz"]
[Date "2019.07.12"]
[Round "8"]
[White "Kosmac, Blaz"]
[Black "Maksimenko, Andrei"]
[Result "0-1"]
[WhiteElo "2217"]
[BlackElo "2461"]
[PlyCount "65"]
[EventDate "2019.07.06"]
[EventType "swiss"]
[EventRounds "9"]
[EventCountry "SLO"]
[SourceTitle "CBM 191 Extra"]
[Source "ChessBase"]
[SourceDate "2019.09.30"]
[SourceVersion "1"]
[SourceVersionDate "2019.09.30"]
[SourceQuality "1"]

1. e4 c5 2. Nf3 e6 3. d4 cxd4 4. Nxd4 a6 5. Be2 Nf6 6. Nc3 d6 7. f4 Be7 8. 0-0 0-0 9. Be3 Nc6 10. Qe1 Nxd4 11. Bxd4 b5 12. a3 Bb7 13. Qg3 g6 14. Bd3 Nh5 15. Qf2 Nxf4 16. Qxf4 e5 17. Bxe5 dxe5 18. Qxe5 Bd6 19. Qf6 Qc7 20. Qh4 Be5 21. Rf3 Bxc3 22. bxc3 f5 23. Re1 Rae8 24. Qf2 Rf7 25. a4 fxe4 26. Bf1 Rfe7 27. Rg3 bxa4 28. Qd4 Re5 29. Qxa4 e3 30. Bxa6 Bxa6 31. Qxa6 Kg7 32. Rf3 R5e6 33. Re2 0-1

[Event "Portoroz op 13th"]
[Site "Portoroz"]
[Date "2019.07.07"]
[Round "3"]
[White "Kosmac, Blaz"]
[Black "Fercec, Nenad"]
[Result "1/2-1/2"]
[WhiteElo "2217"]
[BlackElo "2446"]
[PlyCount "61"]
[EventDate "2019.07.06"]
[EventType "swiss"]
[EventRounds "9"]
[EventCountry "SLO"]
[SourceTitle "CBM 191 Extra"]
[Source "ChessBase"]
[SourceDate "2019.09.30"]
[SourceVersion "1"]
[SourceVersionDate "2019.09.30"]
[SourceQuality "1"]

1. d4 Nf6 2. Bg5 Ne4 3. Bf4 c5 4. f3 Qa5+ 5. c3 Nf6 6. d5 e6 7. e4 exd5 8. exd5 d6 9. Na3 Qd8 10. Bb5+ Bd7 11. Qe2+ Qe7 12. 0-0-0 Qxe2 13. Nxe2 Bxb5 14. Nxb5 Kd7 15. c4 Na6 16. Rhe1 Be7 17. Ng3 Ne8 18. Re3 g6 19. Rde1 Bh4 20. a3 Nac7 21. Nxd6 Nxd6 22. Bxd6 Nxd5 23. cxd5 Kxd6 24. Ne4+ Kxd5 25. g3 Bd8 26. Rd1+ Kc6 27. Rd6+ Kc7 28. Red3 c4 29. Rd7+ Kc8 30. Rxf7 Bg5+ 31. f4 1/2-1/2

[Event "SLO-chT 28th"]
[Site "Slovenia"]
[Date "2018.11.11"]
[Round "6.1"]
[White "Kosmac, Blaz"]
[Black "Praznik, Anton"]
[Result "1-0"]
[WhiteElo "2187"]
[BlackElo "2104"]
[PlyCount "99"]
[EventDate "2018.11.02"]
[EventType "team-tourn"]
[EventRounds "9"]
[EventCountry "SLO"]
[SourceTitle "CBM 187 Extra"]
[Source "ChessBase"]
[SourceDate "2018.11.04"]
[SourceVersion "1"]
[SourceVersionDate "2018.11.04"]
[SourceQuality "1"]
[WhiteTeam "Tomo Zupan Kranj"]
[BlackTeam "Vrhnika"]
[WhiteTeamCountry "SLO"]
[BlackTeamCountry "SLO"]

1. e4 d6 2. d4 Nf6 3. Nc3 g6 4. Nf3 Bg7 5. Be2 0-0 6. 0-0 Bg4 7. Ne1 Bxe2 8. Qxe2 Nc6 9. d5 Nd4 10. Qd1 c5 11. dxc6 Nxc6 12. Be3 a6 13. Qe2 Ne5 14. Rd1 Qa5 15. f4 Nc6 16. Kh1 Rac8 17. Nf3 Rfd8 18. Nd4 Qb4 19. Nb3 Nb8 20. Rd4 Qb6 21. Rc4 Rc5 22. Nxc5 dxc5 23. Bxc5 Qe6 24. Bg1 Nc6 25. f5 Qe5 26. Rc5 Qb8 27. fxg6 hxg6 28. e5 Nd7 29. e6 Nxc5 30. exf7+ Kf8 31. Bxc5 Qe5 32. Qxe5 Nxe5 33. Ne4 Nxf7 34. Ng5 Bf6 35. Ne6+ Ke8 36. Nxd8 Nxd8 37. b3 Ne6 38. Be3 Kd7 39. Rd1+ Kc6 40. g3 b5 41. Kg2 b4 42. Kf3 Nc7 43. Rd8 g5 44. Kg4 a5 45. Rc8 Kd7 46. Rb8 Nd5 47. Bxg5 Be5 48. Rb5 Kc6 49. Rxa5 Bc7 50. Ra8 1-0

[Event "SLO-chT 27th"]
[Site "Slovenia"]
[Date "2017.10.21"]
[Round "5.4"]
[White "Tratar, Marko"]
[Black "Kosmac, Blaz"]
[Result "1-0"]
[WhiteElo "2465"]
[BlackElo "2202"]
[PlyCount "137"]
[EventDate "2017.09.29"]
[EventType "team-tourn"]
[EventRounds "9"]
[EventCountry "SLO"]
[SourceTitle "CBM 181 Extra"]
[Source "ChessBase"]
[SourceDate "2017.12.12"]
[SourceVersion "1"]
[SourceVersionDate "2017.12.12"]
[SourceQuality "1"]
[WhiteTeam "Ljubljana Duol"]
[BlackTeam "Prevodi Dvojka"]
[WhiteTeamCountry "SLO"]
[BlackTeamCountry "SLO"]

1. Nf3 d5 2. g3 Bg4 3. Bg2 Nd7 4. h3 Bh5 5. 0-0 e6 6. d3 Bc5 7. e4 dxe4 8. dxe4 Qf6 9. Qe2 Bxf3 10. Bxf3 Ne7 11. Bg2 0-0 12. Kh2 e5 13. Nd2 a5 14. a4 Nc6 15. c3 Ba7 16. Nc4 Nc5 17. h4 h6 18. Ra3 Rfd8 19. Ne3 Rd3 20. Nd5 Qd6 21. Be3 Rxe3 22. Nxe3 Qd3 23. Qg4 Qd2 24. Ra2 Ne6 25. Nf5 Rd8 26. Qf3 Rd3 27. Ne3 Bxe3 28. fxe3 f6 29. Rf2 Qc1 30. Bf1 Rxe3 31. Qg4 Ncd8 32. Bc4 Kf7 33. Re2 Qf1 34. Rxe3 Qf2+ 35. Kh3 Qxe3 36. Ra1 Ke7 37. Kg2 Qb6 38. b3 Qe3 39. Rd1 Qxc3 40. Rxd8 Nxd8 41. Qxg7+ Ke8 42. Qxf6 Qc2+ 43. Kh3 Qxe4 44. Qxh6 Qh1+ 45. Kg4 Qe4+ 46. Kg5 Qe3+ 47. Kh5 Qf3+ 48. g4 Kd7 49. Qd2+ Kc8 50. Qg5 Qc3 51. Qf5+ Kb8 52. g5 Nc6 53. g6 e4 54. Qf8+ Ka7 55. Qc5+ Kb8 56. Qf8+ Ka7 57. g7 Qe5+ 58. Kg4 Ne7 59. Qxe7 Qxe7 60. g8Q Qf6 61. Qf7 Qb6 62. Qf4 Qg6+ 63. Qg5 Qb6 64. Kf4 e3 65. Kf3 c5 66. Kxe3 Qd6 67. h5 b5 68. Qg7+ Kb6 69. Qg6 1-0

[Event "SLO-chT"]
[Site "Slovenia"]
[Date "2016.10.14"]
[Round "1"]
[White "Kosmac, Blaz"]
[Black "Brinovec, David"]
[Result "0-1"]
[WhiteElo "2195"]
[BlackElo "2120"]
[PlyCount "102"]
[EventDate "2016.10.14"]
[EventType "team-tourn"]
[EventRounds "9"]
[EventCountry "SLO"]
[SourceTitle "EXT 2017"]
[Source "ChessBase"]
[SourceDate "2016.10.25"]
[SourceVersion "1"]
[SourceVersionDate "2016.10.25"]
[SourceQuality "1"]
[WhiteTeam "Prevodi Dvojka"]
[BlackTeam "Zalec"]
[WhiteTeamCountry "SLO"]
[BlackTeamCountry "SLO"]

1. e4 e5 2. Nf3 Nc6 3. Bb5 Nge7 4. Nc3 g6 5. h4 Bg7 6. h5 a6 7. Bc4 Na5 8. Be2 c5 9. a3 d6 10. b4 Nac6 11. Bc4 b5 12. h6 Bf6 13. Nd5 Nxd5 14. Bxd5 Bb7 15. d3 Qd7 16. Bg5 Bxg5 17. Nxg5 0-0 18. c3 a5 19. bxc5 dxc5 20. 0-0 Nd8 21. Ba2 Qe7 22. Qg4 b4 23. axb4 axb4 24. cxb4 cxb4 25. Bc4 Kh8 26. Rxa8 Bxa8 27. Ra1 Bc6 28. Nf3 Bd7 29. Qg3 f6 30. Ra7 Nc6 31. Ra1 Be6 32. Bb5 Na7 33. Ba4 b3 34. Nd2 b2 35. Rd1 Qb4 36. Bc2 Rc8 37. Qf3 Qe7 38. Bb3 Nb5 39. Bxe6 Qxe6 40. Rb1 Rc1+ 41. Kh2 Nd4 42. Qh3 Rxb1 43. Nxb1 Qxh3+ 44. Kxh3 Kg8 45. Kg3 Kf7 46. f3 Ke6 47. Kf2 Kd6 48. Nc3 Nc2 49. Nb1 Kc5 50. Ke2 Kb4 51. Kd2 Na3 0-1

[Event "Feffernitz op 24th"]
[Site "Feffernitz"]
[Date "2015.08.21"]
[Round "7"]
[White "Perhinig, Robert"]
[Black "Kosmac, Blaz"]
[Result "1-0"]
[WhiteElo "2314"]
[BlackElo "2190"]
[PlyCount "55"]
[EventDate "2015.08.16"]
[EventType "swiss"]
[EventRounds "9"]
[EventCountry "AUT"]
[SourceTitle "EXT 2016"]
[Source "ChessBase"]
[SourceDate "2015.10.08"]
[SourceVersion "1"]
[SourceVersionDate "2015.10.08"]
[SourceQuality "1"]

1. Nf3 Nf6 2. c4 g6 3. Nc3 d5 4. cxd5 Nxd5 5. Qa4+ Nc6 6. Ne5 Qd6 7. Nxc6 Qxc6 8. Qxc6+ bxc6 9. g3 Be6 10. Bg2 0-0-0 11. 0-0 Bg7 12. a3 Nxc3 13. dxc3 Kb7 14. Be3 Bb3 15. a4 Rd7 16. Ra3 Bc4 17. b4 Bxe2 18. b5 Rd6 19. Re1 Bc4 20. Bxc6+ Kb8 21. Bc5 Rd3 22. a5 Rhd8 23. b6 cxb6 24. axb6 Rd1 25. bxa7+ Kc7 26. Rxd1 Rxd1+ 27. Kg2 Bf1+ 28. Kf3 1-0

[Event "Feffernitz op 24th"]
[Site "Feffernitz"]
[Date "2015.08.19"]
[Round "5"]
[White "Malakhatko, Vadim"]
[Black "Kosmac, Blaz"]
[Result "1-0"]
[WhiteElo "2509"]
[BlackElo "2190"]
[PlyCount "79"]
[EventDate "2015.08.16"]
[EventType "swiss"]
[EventRounds "9"]
[EventCountry "AUT"]
[SourceTitle "EXT 2016"]
[Source "ChessBase"]
[SourceDate "2015.10.08"]
[SourceVersion "1"]
[SourceVersionDate "2015.10.08"]
[SourceQuality "1"]

1. c4 e5 2. Nc3 Nc6 3. e3 d6 4. g3 f5 5. d3 Nf6 6. Bg2 Be7 7. Nge2 0-0 8. 0-0 Qe8 9. Nd5 Bd8 10. Nxf6+ Rxf6 11. Nc3 g5 12. f4 g4 13. e4 Qh5 14. exf5 Bxf5 15. Bd5+ Kh8 16. Bxc6 bxc6 17. fxe5 dxe5 18. Qe2 Bg6 19. Rxf6 Bxf6 20. Ne4 Bg7 21. Be3 Bf5 22. Bc5 a5 23. Re1 Qg6 24. Qd2 h6 25. Qc3 Rd8 26. b3 h5 27. Qxa5 Rxd3 28. Nf2 Rd7 29. Bb4 Kh7 30. Bc3 Bh6 31. Qxe5 Bg7 32. Qa5 h4 33. Bxg7 Rxg7 34. Qe5 Rf7 35. gxh4 Qh6 36. Ne4 Qxh4 37. Rf1 Kg6 38. Ng3 Bd7 39. Qe4+ Kg7 40. Qd4+ 1-0

[Event "Feffernitz op 24th"]
[Site "Feffernitz"]
[Date "2015.08.17"]
[Round "3"]
[White "Kosmac, Blaz"]
[Black "Mazi, Leon"]
[Result "1-0"]
[WhiteElo "2190"]
[BlackElo "2405"]
[PlyCount "67"]
[EventDate "2015.08.16"]
[EventType "swiss"]
[EventRounds "9"]
[EventCountry "AUT"]
[SourceTitle "EXT 2016"]
[Source "ChessBase"]
[SourceDate "2015.10.08"]
[SourceVersion "1"]
[SourceVersionDate "2015.10.08"]
[SourceQuality "1"]

1. e4 d5 2. exd5 Qxd5 3. Nc3 Qd6 4. d4 Nf6 5. Nb5 Qd8 6. c4 c6 7. Nc3 Bf5 8. Nf3 e6 9. Be2 h6 10. 0-0 Be7 11. Bf4 0-0 12. Rc1 Re8 13. Ne5 Nbd7 14. Bf3 Bf8 15. Re1 Re7 16. Ne4 Nxe4 17. Bxe4 Nxe5 18. Bxe5 Bxe4 19. Rxe4 Rd7 20. Qe2 Qg5 21. Rc3 Rad8 22. h4 Qe7 23. Rf3 f5 24. Ref4 c5 25. Qe3 cxd4 26. Bxd4 Qf7 27. Rg3 Kh7 28. Qc3 Qh5 29. Rgf3 b6 30. a3 Bd6 31. Be5 Bxe5 32. Qxe5 g5 33. Rg3 Qg6 34. hxg5 1-0

[Event "Maribor Pirc Memorial op 19th"]
[Site "Maribor"]
[Date "2015.06.28"]
[Round "5"]
[White "Unuk, Laura"]
[Black "Kosmac, Blaz"]
[Result "1/2-1/2"]
[WhiteElo "2121"]
[BlackElo "2223"]
[PlyCount "71"]
[EventDate "2015.06.25"]
[EventType "swiss"]
[EventRounds "9"]
[EventCountry "SLO"]
[SourceTitle "CBM 167 Extra"]
[Source "ChessBase"]
[SourceDate "2015.09.14"]
[SourceVersion "1"]
[SourceVersionDate "2015.09.14"]
[SourceQuality "1"]

1. d4 Nf6 2. c4 g6 3. Nf3 Bg7 4. g3 c6 5. Bg2 0-0 6. 0-0 d5 7. Nbd2 Bf5 8. b3 a5 9. Bb2 a4 10. Nh4 Be6 11. e3 Qa5 12. Rc1 axb3 13. axb3 Qb6 14. c5 Qd8 15. f4 Bg4 16. Qe1 Qc8 17. Nhf3 Na6 18. Bc3 Nc7 19. Ne5 Bf5 20. Ra1 Rxa1 21. Qxa1 Ng4 22. Nxg4 Bxg4 23. Nf3 Qe6 24. Qc1 h6 25. Ba5 Nb5 26. Qd2 Bh3 27. Bxh3 Qxh3 28. Qd3 Ra8 29. Ra1 Qe6 30. Ra4 Qg4 31. Kg2 Qe6 32. Bb6 Rf8 33. Ba5 Kh7 34. Ra1 Ra8 35. Ra4 Rf8 36. Ra1 1/2-1/2

[Event "Maribor Pirc Memorial op 19th"]
[Site "Maribor"]
[Date "2015.06.27"]
[Round "3"]
[White "Naumkin, Igor"]
[Black "Kosmac, Blaz"]
[Result "1-0"]
[WhiteElo "2421"]
[BlackElo "2223"]
[PlyCount "87"]
[EventDate "2015.06.25"]
[EventType "swiss"]
[EventRounds "9"]
[EventCountry "SLO"]
[SourceTitle "CBM 167 Extra"]
[Source "ChessBase"]
[SourceDate "2015.09.14"]
[SourceVersion "1"]
[SourceVersionDate "2015.09.14"]
[SourceQuality "1"]

1. d4 Nf6 2. c4 g6 3. Nc3 d5 4. cxd5 Nxd5 5. e4 Nxc3 6. bxc3 Bg7 7. Bc4 0-0 8. Ne2 Nc6 9. 0-0 e5 10. Be3 Qe7 11. Qc2 exd4 12. cxd4 Na5 13. Bd3 c5 14. dxc5 Bxa1 15. Rxa1 Nc6 16. Nf4 Be6 17. Qc3 Rfd8 18. h3 Rd7 19. Bb5 Rad8 20. Ba4 Qf8 21. Nxe6 fxe6 22. Rb1 Qg7 23. Qc4 Qf6 24. Kh1 Ne5 25. Qe2 Rf7 26. Bc2 Nc6 27. Qg4 Ne5 28. Qg3 Rdd7 29. Bb3 Nd3 30. f4 Kg7 31. Rf1 Rf8 32. Qg4 Re8 33. Ba4 Red8 34. Bxd7 Rxd7 35. f5 Ne5 36. Qg3 Rd3 37. Rb1 exf5 38. Rxb7+ Nf7 39. Bh6+ Kxh6 40. Qxd3 fxe4 41. Qxe4 Ne5 42. Rxa7 Nc6 43. Rd7 Qf1+ 44. Kh2 1-0

[Event "SLO-chT1 West"]
[Site "Ljubljana"]
[Date "2014.10.12"]
[Round "6"]
[White "Piskur, Mitja"]
[Black "Kosmac, Blaz"]
[Result "1-0"]
[WhiteElo "2286"]
[BlackElo "2204"]
[PlyCount "113"]
[EventDate "2014.10.03"]
[EventType "team-tourn"]
[EventRounds "9"]
[EventCountry "SLO"]
[SourceTitle "EXT 2019"]
[Source "ChessBase"]
[SourceDate "2018.10.10"]
[SourceVersion "1"]
[SourceVersionDate "2018.10.10"]
[SourceQuality "1"]
[WhiteTeam "Trebnje BMP"]
[BlackTeam "Tomo Zupan Vzajemna"]
[WhiteTeamCountry "SLO"]
[BlackTeamCountry "SLO"]

1. e4 c5 2. Nf3 e6 3. d3 Nc6 4. g3 Nge7 5. Bg2 d6 6. 0-0 g6 7. d4 cxd4 8. Nxd4 a6 9. Bg5 Bg7 10. Nxc6 bxc6 11. e5 d5 12. Re1 h6 13. Bd2 0-0 14. Bb4 f6 15. exf6 Bxf6 16. c3 Qb6 17. Nd2 e5 18. Nb3 e4 19. Bc5 Qc7 20. Nd4 Bd7 21. f3 exf3 22. Bxf3 Rf7 23. Ne6 Qc8 24. Bg4 Nf5 25. Bxf5 gxf5 26. Nf4 Bg5 27. Rf1 Kh7 28. Qd3 Qb8 29. b4 Qb5 30. a4 Qxd3 31. Nxd3 Re8 32. Rae1 Rxe1 33. Nxe1 Bd2 34. Bd4 c5 35. bxc5 Bxa4 36. Nf3 Bg5 37. Re1 Bd7 38. Ne5 Re7 39. Rf1 Bc8 40. Nc6 Re8 41. Na7 Be6 42. Ra1 f4 43. Rxa6 f3 44. h4 Bd2 45. Ra2 Be1 46. Nc6 Bxg3 47. Ra7+ Kg6 48. Rg7+ Kf5 49. Rxg3 Bd7 50. Rxf3+ Kg4 51. Rf6 Kxh4 52. Ne5 Bb5 53. Rxh6+ Kg3 54. Rf6 Rg8 55. Bf2+ Kh3+ 56. Kh1 d4 57. Rh6# 1-0